000 00286nam a22001337a 4500
008 170309b xxu||||| |||| 00| 0 eng d
020 _a0721624138
041 _aeng
080 _24ED
_a611
100 _a611
101 _aSHM
245 _aDEVELOPING HUMAN
_cMOORE.K.L
942 _2udc
_cBK
999 _c7294
_d7294